00412 2200169 4500001002100000005001500021008004100036020001800077035001900095082000800114090001400122100002400136245002100160250001000181260003300191300001800224INLIS00000000002001320241224115817241224||||||||| | ||| |||| ||  a979-407-019-x 0010-12240200130 a813 a813 SUT k0 aRusman Sutiasumarga00akatineung kuring acet.2 aJakartabbalai pustakac1987 a90 hal.; 21cm